000 00390nam a2200157Ia 4500
005 20240807061918.0
008 240806s9999||||xx |||||||||||||| ||eng||
041 _aeng
082 _a891.4309
_bTIWH
100 _aTiwari, Ramchandra
245 0 _aHindi ka gadya sahitya /
_cTiwari, Ramchandra
260 _bVivishwavidyalaya Prakashan
300 _a1144p.
650 _aHindi
942 _cBK
999 _c2770
_d2770